American women writers : (Record no. 130664)

MARC details
000 -LEADER
fixed length control field 00646nam a22002177a 4500
005 - DATE AND TIME OF LATEST TRANSACTION
control field 20170124110115.0
010 ## - LIBRARY OF CONGRESS CONTROL NUMBER
LC control number A-719441
020 ## - INTERNATIONAL STANDARD BOOK NUMBER
Terms of availability 00.00
International Standard Book Number 8185336997
035 ## - SYSTEM CONTROL NUMBER
System control number A-719441
037 ## - SOURCE OF ACQUISITION
Source of stock number/acquisition Cen Lib/Ret
040 ## - CATALOGING SOURCE
Original cataloging agency DPL
Language of cataloging EN
082 ## - DEWEY DECIMAL CLASSIFICATION NUMBER
Classification number S
Item number AME
245 ## - TITLE STATEMENT
Title American women writers :
Statement of responsibility, etc edited by Aruna Sitesh
Remainder of title modern short stories /
260 ## - PUBLICATION, DISTRIBUTION, ETC. (IMPRINT)
Place of publication, distribution, etc New Delhi
Name of publisher, distributor, etc Affiliated East-West Press
Date of publication, distribution, etc 1994
270 ## - ADDRESS
City New Delhi
Address 104, nirmal tower, 26, barakhamba road
Postal code 110001
300 ## - PHYSICAL DESCRIPTION
Extent xvi, 255p.
Dimensions 19cm(Hb)
650 ## - SUBJECT ADDED ENTRY--TOPICAL TERM
Topical term or geographic name as entry element Literature
9 (RLIN) 6262
650 ## - SUBJECT ADDED ENTRY--TOPICAL TERM
Topical term or geographic name as entry element Stories
9 (RLIN) 7500
700 ## - ADDED ENTRY--PERSONAL NAME
Personal name Sitesh, Aruna
9 (RLIN) 29788
942 ## - ADDED ENTRY ELEMENTS (KOHA)
Source of classification or shelving scheme Dewey Decimal Classification
Koha item type English Books
Classification part S
Call number suffix AME
Holdings
Withdrawn status Lost status Damaged status Not for loan Home library Current library Date acquired Source of acquisition Cost, normal purchase price Total Checkouts Full call number Barcode Date last seen Copy number Cost, replacement price Price effective from Koha item type Public note
Written off       Central Library Central Library 10/07/2015 Cen Lib/Ret 0.00   S AME A-719441 10/07/2015 1 0.00 10/07/2015 English Books W/d List No. 6854/17 ; dtd 25/07/2020

© Delhi Public Library
Hit Counter
free hit counter